Beste Formel 1 Konstrukteure pro Saison, die nie Weltmeister wurden - Statistiken

Allgemein
  • Dieses Quiz wurde 541 mal gespielt
    6 seit der letzten Aktualisierung
  • Das Durchschnittsergebnis liegt bei 21 aus 68
Antwortstatistiken
Jahr Herkunft Antwort % Korrekt
2022 Frankreich Alpine
67%
2021 Frankreich Alpine
67%
2024 Großbritannien Aston Martin
67%
2023 Großbritannien Aston Martin
67%
2017 Indien Force India
67%
2016 Indien Force India
67%
2015 Indien Force India
67%
2014 Indien Force India
67%
2013 Indien Force India
67%
2011 Indien Force India
67%
2010 Indien Force India
67%
2006 Japan Honda
67%
1968 Japan Honda
67%
1967 Japan Honda
67%
1965 Japan Honda
67%
2008 Deutschland BMW Sauber
50%
2007 Deutschland BMW Sauber
50%
2018 USA Haas
50%
2025 Italien Racing Bulls
50%
2012 Schweiz Sauber
50%
2002 Schweiz Sauber
50%
2001 Schweiz Sauber
50%
2019 Italien Toro Rosso
50%
2004 Großbritannien BAR
33%
2003 Großbritannien BAR
33%
2000 Großbritannien BAR
33%
1999 Irland Jordan
33%
1998 Großbritannien Jordan
33%
1997 Großbritannien Jordan
33%
1996 Großbritannien Jordan
33%
1994 Großbritannien Jordan
33%
1991 Großbritannien Jordan
33%
1961 Deutschland Porsche
33%
1960 Deutschland Porsche
33%
2020 Großbritannien Racing Point
33%
2009 Japan Toyota
33%
2005 Japan Toyota
33%
1983 Italien Alfa Romeo
17%
1989 Großbritannien Arrows
17%
1988 Großbritannien Arrows
17%
1987 Großbritannien Arrows
17%
1995 Frankreich Ligier
17%
1993 Frankreich Ligier
17%
1986 Frankreich Ligier
17%
1985 Frankreich Ligier
17%
1982 Frankreich Ligier
17%
1981 Frankreich Ligier
17%
1980 Frankreich Ligier
17%
1979 Frankreich Ligier
17%
1984 Großbritannien Toleman
17%
1964 Großbritannien BRP
0%
1963 Großbritannien BRP
0%
1966 USA Eagle
0%
1992 Großbritannien Footwork
0%
1975 Großbritannien Hesketh
0%
1974 Großbritannien Hesketh
0%
1990 Großbritannien Lola
0%
1962 Großbritannien Lola
0%
1973 Großbritannien March
0%
1971 Großbritannien March
0%
1970 Großbritannien March
0%
1958 Italien Maserati
0%
1976 USA Penske
0%
1972 Großbritannien Surtees
0%
1969 Italien / USA Tecno / Eagle
0%
1959 USA Watson
0%
1978 Kanada Wolf
0%
1977 Kanada Wolf
0%
Keine übereinstimmenden Quizze gefunden
Verteilung der Resultate
Anzahl Personen mit jedem Resultat
Perzentil nach korrekt beantworteten Fragen
Ihre Resultats-Entwicklung
Sie haben dieses Quiz seit der letzten Aktualisierung nicht gespielt